| 000 | 00782cab a2200253 4500 | ||
|---|---|---|---|
| 001 | WB3329-42 | ||
| 008 | 090401t1997 xxu||||| |||| 00| 0 eng d | ||
| 035 | _a(Sirsi) u79858 | ||
| 041 | _aeng | ||
| 245 | _aTenant freeholders | ||
| 260 | _c1997 | ||
| 350 | _a0 | ||
| 490 |
_aWestern Morning News _v19 July 1997, 2.14(1) |
||
| 520 | _aA survey by Deacon Insurance Services shows that leaseholders who purchase the freehold of their building maintain and manage their buildings well. | ||
| 650 | _aBLOCKS OF FLATS | ||
| 650 | _aFREEHOLD FLATS | ||
| 650 | _aFREEHOLD | ||
| 650 | _aLEASEHOLDERS | ||
| 650 | _aRESIDENTIAL MANAGEMENT COMPANIES | ||
| 650 | _aRESIDENTIAL MANAGEMENT | ||
| 690 | _aLANDLORD AND TENANT-LEASEHOLD REFORM | ||
| 942 | _n0 | ||
| 948 | _c24/07/1997 | ||
| 999 |
_c50251 _d50251 |
||